01006njm a2200253Ia 450000100060000000300090000600500170001500800410003204000130007304000130008604100130009910000110011210000180012310000380014124500430017925000110022226000090023326000630024230000170030530000290032250000450035150503040039665000520070025861IT-RoPAU20220918181117.0131025s9999 xx 000 0 und d aIT-RoPAU cIT-RoPAU aSPAGNOLO aAA.VV. eAutore musica gCodice autore musica SPICS: 12000 aCanciones mas lindas de Colombia (Las) a1a ed. aROMA bSPICS RECORDSc1984 [1a Ed.:1984 - Ed. Lingua Orig.: 1984] aMUSICASSETTA c60 minuti (Testo: pag.) aCanzone Folk. Musica popolare colombiana aLas Acacias - Al sur - Raza - Nohes de Cartagena - Me Volvi Viejo - El Camino De La Vida - Por Que Has Venido - Ojeras - Me Llevaras En Ti - Cenizas Al Viento - Cuando Voy Por la Calle A.K.A. Cuando Estoy Lejose de Ti - Nadie Es Eterno - Celos Sin Motivo - Ya Se Murio Mi Viejo - Amo Mucho Tus Ojos aPOPOLARE [CASSETTE]eCodice MATERIA SPICS: 9951